[Event "Zlin Region-chT 2324"]
[Site "Czech Republic"]
[Date "2024.03.24"]
[Round "10.2"]
[White "Tomcik, Libor"]
[Black "Cechal, Martin"]
[Result "1/2-1/2"]
[WhiteElo "1971"]
[BlackElo "1941"]
[PlyCount "31"]
[EventDate "2023.10.22"]
[EventType "team-tourn"]
[EventRounds "11"]
[EventCountry "CZE"]
[SourceTitle "EXT 2025"]
[Source "ChessBase"]
[SourceDate "2024.10.14"]
[SourceVersion "1"]
[SourceVersionDate "2024.10.14"]
[SourceQuality "1"]
[WhiteTeam "Valasske Mezirici"]
[BlackTeam "Holesov"]
[WhiteTeamCountry "CZE"]
[BlackTeamCountry "CZE"]

1. Nf3 c5 2. g3 Nc6 3. Bg2 d5 4. d4 cxd4 5. Nxd4 Nf6 6. 0-0 e6 7. c4 Qb6 8. Nxc6 bxc6 9. b3 Bc5 10. Nc3 Bd7 11. cxd5 cxd5 12. Bb2 0-0 13. e4 dxe4 14. Nxe4 Nd5 15. Nc3 Nxc3 16. Bxc3 1/2-1/2

[Event "Zlin Region-chT 2324"]
[Site "Czech Republic"]
[Date "2023.12.10"]
[Round "4.3"]
[White "Belunek, Zdenek"]
[Black "Tomcik, Libor"]
[Result "1/2-1/2"]
[WhiteElo "1900"]
[BlackElo "1943"]
[PlyCount "70"]
[EventDate "2023.10.22"]
[EventType "team-tourn"]
[EventRounds "11"]
[EventCountry "CZE"]
[SourceTitle "EXT 2025"]
[Source "ChessBase"]
[SourceDate "2024.10.14"]
[SourceVersion "1"]
[SourceVersionDate "2024.10.14"]
[SourceQuality "1"]
[WhiteTeam "Valasska Bystrice Sokol"]
[BlackTeam "Valasske Mezirici"]
[WhiteTeamCountry "CZE"]
[BlackTeamCountry "CZE"]

1. e4 d5 2. exd5 Qxd5 3. Qf3 Qxf3 4. Nxf3 Bf5 5. Bb5+ c6 6. Ba4 e6 7. d4 Nf6 8. 0-0 Nbd7 9. Re1 Be7 10. Nbd2 0-0 11. h3 h6 12. c3 Rfd8 13. Bb3 Kf8 14. Nc4 Nd5 15. Na5 Rab8 16. Bxd5 cxd5 17. Bf4 Rbc8 18. Nxb7 Re8 19. Bd6 Rc6 20. Bxe7+ Kxe7 21. Na5 Rb6 22. b4 Rc8 23. Re3 Bc2 24. Rc1 Be4 25. Nd2 Rxb4 26. Nxe4 dxe4 27. cxb4 Rxc1+ 28. Kh2 Rc2 29. a3 f5 30. b5 Rc7 31. f3 Nb6 32. Nb3 Nd5 33. Re2 Rc3 34. Rb2 Nb6 35. Rb1 Kd6 1/2-1/2

[Event "Zlin Region-chT 2223"]
[Site "Czech Republic"]
[Date "2023.01.29"]
[Round "7.3"]
[White "Balazec, Ludovit"]
[Black "Tomcik, Libor"]
[Result "1/2-1/2"]
[WhiteElo "1895"]
[BlackElo "1944"]
[PlyCount "22"]
[EventDate "2022.10.09"]
[EventType "team-tourn"]
[EventRounds "11"]
[EventCountry "CZE"]
[SourceTitle "EXT 2024"]
[Source "ChessBase"]
[SourceDate "2023.10.10"]
[SourceVersion "1"]
[SourceVersionDate "2023.10.10"]
[SourceQuality "1"]
[WhiteTeam "Zlin Malenovice"]
[BlackTeam "Valasske Mezirici"]
[WhiteTeamCountry "CZE"]
[BlackTeamCountry "CZE"]

1. e4 d5 2. exd5 Qxd5 3. Nf3 Bg4 4. Be2 Nc6 5. d4 e6 6. c4 Qd7 7. 0-0 0-0-0 8. Qb3 Na5 9. Qc3 Nc6 10. Qb3 Na5 11. Qc3 Nc6 1/2-1/2